|
|
|
|
| LEADER |
00000nab a2200000 a 4500 |
| 001 |
vtls000704604 |
| 003 |
SK-MaSNL |
| 005 |
20260304173007.0 |
| 008 |
140228c1999 xo 0 slo |
| 015 |
|
|
|a SNBRB1999/10-23960
|
| 035 |
|
|
|a CLN000056771
|
| 040 |
|
|
|a SNKBUCL
|b slo
|c SNKBUCL
|e AACR2
|
| 041 |
0 |
|
|a slo
|
| 044 |
|
|
|a xo
|c SK
|
| 080 |
|
|
|a 339.9:658.5.012.43:061.3
|2 1997
|
| 080 |
|
|
|a 658.5.012.43
|2 1997
|
| 080 |
|
|
|a 339.9:061.2(437.6):061.3
|2 1997
|
| 100 |
1 |
|
|a Tolnayová, Mária
|4 aut
|9 841538
|
| 245 |
1 |
0 |
|a Globalizácia je už dnes bojom o prácu a životnú úroveň ľudí
|b na stretnutí dominovala problematika produktivity
|c Mária Tolnayová
|
| 300 |
|
|
|b Fotogr.
|
| 610 |
|
7 |
|a Medzinárodný klub (Slovensko)
|x stretnutia
|y 1999
|2 snkbucl
|9 914838
|
| 650 |
0 |
7 |
|a globalizácia
|x výroba
|x manažment
|2 snkbucl
|9 1502967
|
| 650 |
0 |
7 |
|a výroba
|2 snkbucl
|9 15916
|
| 650 |
0 |
7 |
|a manažment
|2 snkbucl
|9 922
|
| 655 |
|
7 |
|a články z novín a časopisov
|2 snkbucl
|9 267496
|
| 773 |
0 |
|
|t Hospodárske noviny
|g Roč. 7, č. 205 (25.10.1999), s. 7
|x 0862-9567
|
| 850 |
|
|
|a Slovenská národná knižnica v Martine
|
| 852 |
|
|
|a SNK
|b KIS3GCP
|
| 958 |
|
|
|a SK
|
| 992 |
|
|
|a RBX
|
| 999 |
|
|
|c 3001069
|d 3002999
|